| 000 | 00881nac a22002291u 4500 | ||
|---|---|---|---|
| 010 | _a78023376 | ||
| 020 | _a0226365425 | ||
| 082 | 0 | 0 |
_a370.110973 _bH9963 |
| 090 |
_c1768 _d1768 |
||
| 100 | _aHyman, Herbert Hiram, | ||
| 245 | 1 | 0 |
_aEducation's lasting influence on values / _cHerbert H. Hyman & Charles R. Wright. |
| 260 |
_aChicago : _bUniversity of Chicago Press, _c1979. |
||
| 300 |
_aix, 161 p. : _c24 cm. |
||
| 500 | _aDonations | ||
| 500 | _aDonations - Dr. Mostafa Gouda | ||
| 504 | _aIncludes bibliographical references and index. | ||
| 650 | 0 |
_aEducation _xAims and objectives _zUnited States. |
|
| 650 | 0 |
_aMoral education _zUnited States. |
|
| 700 | 1 |
_aWright, Charles Robert, _d1927- |
|
| 942 |
_cBB _k370.110973H9963 |
||
| 999 |
_c1768 _d1768 |
||